Matti Nykäsen lausahduksia 2 - Statistics

Yleistilastot
  • Tätä visaa on pelattu 35 kertaa
  • Keskiarvotulos 11 / 21
Vastaustilastot
Kysymys Vastaus % Oikein
Puutarhatöissä roskia ei voi lakaista _____ alle. maton
89%
Miten sen asian taas kukin ottaa, minä _____ joskus silloin tällöin. otan
89%
Jokainen suhde loppuu joskus. Onnistunut suhde on sellainen, joka loppuu oikeaan _____. aikaan
78%
Missä meillä on ____ ja oonko mäkin siellä? keikka
78%
Minulla on mennyt niin lujaa, että olen vasta ______ _______, mitä olen tehnyt. lehdestä lukenut
78%
En halua _____ ketään. Kaikki saa olla, mitä on. Pääasia, että on. Niin paljon on niitä, jotka ei ole mitään. loukata
78%
En suosittele _____ kenellekään. Sen kanssa tulee ryypätessä ihan kammottava olo. antabusta
67%
Kaiken kokeneena voin sanoa, että vielä on jotain ______. kokematta
67%
Elokuva oli täyttä _____, mutta oli siinä vähän faktaakin. fiktiota
56%
Kun ihminen nukkuu, sille ei tapahdu mitään. Mutta kun se ei nuku, se voi saada vaikka ____. kalan
56%
Ongelma alkoholin kanssa on se, että mä käytän sitä joskus. Se on ongelma. Jokainen, joka käyttää, se on sen ongelma. Ellei se ois _____, ihmiset ei käyttäis alkoholia. ongelma
56%
En ole ulkona kuvioista, olen _____. pihalla
56%
Mulla ei oo kriisiä, mulla ei oo _______. avioliittoa
44%
Eihän kukaan ole viisas ________, mutta näin hullua ei ole toista. humalassa
44%
Usein tuntuu siltä, että tietää kaiken kaikesta, mutta ei muista _____ mitään. mistään
44%
_______ on kiva olla. Raittiinakin
44%
Mä en mene siihen lankaan, että alkaisin haaliin jotain ______. omaisuutta
22%
Olen opetellut, että antaa muiden ohittaa. Lopulta me ollaan sitten _____ perillä. pidempään
22%
Voin ottaa ______ ja se jää siihen eikä mene enää överiksi. kaljalonkeron
11%
Luottamuksen loppuminen avioliitossa ei ole ______ vika. lasten
11%
Elämä ja _____ pitäisi saada kuntoon. sauna
11%
Ehtoja vastaavia visoja ei löytynyt
Tulosjakauma
Jokaisen tuloksen saaneiden osuus
Persentiili vastausten määrän mukaan
Tuloshistoriasi
Et ole pelannut tätä visaa